Los jóvenes y sus derechos : saber para actuar, exigir y denunciar /

Obra dirigida a los jóvenes argentinos con la finalidad de revalorar su posición frente a los demás por el hecho de ser sujetos de derecho, con capacidad de ejercerlos y exigir su cumplimiento. Para ello, los autores plantean el desarrollo de cada uno los derechos que le competen, bajo tres puntos:...

Бүрэн тодорхойлолт

-д хадгалсан:
Номзүйн дэлгэрэнгүй
Бусад зохиолчид: Shalom, Héctor (autor) (autor)
Формат: Ном
Хэл сонгох:испани
Хэвлэсэн: Buenos Aires, Argentina : Lugar Editorial, 2004, c2004
Нөхцлүүд:
Шошгууд: Шошго нэмэх
Шошго байхгүй, Энэхүү баримтыг шошголох эхний хүн болох!

MARC

LEADER 00000nam^a2200000^a^4500
001 000181703
005 20250521000000.0
009 20260310101942.631
020 |a 950-892-207-9 
037 |a Acervo ITESO - Biblioteca 
041 |a ESP 
082 |a 370. 115  |b JOV 
245 0 4 |a Los jóvenes y sus derechos :  |b saber para actuar, exigir y denunciar /  |c H. Shalom... [et al.] ; pról. de Estela B. de Carlotto. 
264 4 |a Buenos Aires, Argentina :  |b Lugar Editorial,  |c 2004, c2004 
300 |a 126 p. 
336 |a texto  |b txt  |2 rdacontenido 
337 |a sin mediación  |b n  |2 rdamedio 
338 |a volumen  |b nc  |2 rdasoporte 
520 |a Obra dirigida a los jóvenes argentinos con la finalidad de revalorar su posición frente a los demás por el hecho de ser sujetos de derecho, con capacidad de ejercerlos y exigir su cumplimiento. Para ello, los autores plantean el desarrollo de cada uno los derechos que le competen, bajo tres puntos: propósito del tema, mensaje que se quiere transmitir y una explicación gráfica. 
649 |a XX 
650 |a Jóvenes -  |x Condiciones Jurídicas 
650 |a Derechos Civiles 
650 |a Derechos Políticos 
650 |a Derecho a la Salud 
650 |a Derechos Humanos -  |x Estudio y Enseñanza 
650 |a Educación Cívica 
700 |a Shalom, Héctor  |e (autor) 
910 |a Fondo General 
920 |a Impresos - Libros 
930 |a Colección General 
905 |a 101 
901 |a 0500121517  |b IT1  |c ACC  |u 20250521 
902 |a https://opac.biblio.iteso.mx/vufind/Record/000181703